000
00484nam a2200133Ia 4500
008
100328s9999 xx 000 0 und d
082
_b
61076
100
_a
पाटील वसुधा.
245
_a
दीपगृह आमि समुद्रपक्षी.
260
_b
पॉप्युलर.
630
_a
दीपगृह आमि समुद्रपक्षी.
730
_a
दीपगृह आमि समुद्रपक्षी.
942
_c
BOOK
999
_c
547182
_d
547179